| 000 | 00476nam a2200157 4500 | ||
|---|---|---|---|
| 008 | 720.103 AW964s | ||
| 020 | _a9780415571920 | ||
| 082 |
_a720.103 _bAW964s |
||
| 100 |
_aAwan, Nishat _96906 |
||
| 245 |
_aSpatial Agency _bOther ways of doing architecture |
||
| 260 |
_aEstados Unidos _bRoutledge _c2011 |
||
| 300 |
_a224 p. _bill (col) _c24.5 x 19 cm |
||
| 505 | _tIntroduction | ||
| 650 |
_xarquitectura - sociedad _96907 |
||
| 700 |
_aSchneider, Tatjana; Till, Jeremy _96908 |
||
| 999 |
_c1725 _d1725 |
||